|
|
|
|
| LEADER |
00000nam1a2200000 4500 |
| 001 |
144884 |
| 005 |
20231031143849.0 |
| 010 |
|
|
|a 5945600857
|
| 035 |
|
|
|a (RuTPU)RU\TPU\book\157036
|
| 090 |
|
|
|a 144884
|
| 100 |
|
|
|a 20081009d2005 m y0rusy50 ca
|
| 101 |
0 |
|
|a rus
|
| 102 |
|
|
|a RU
|
| 200 |
1 |
|
|a Сводный каталог сибирской и дальневосточной книги 1790-1917 гг.
|e в 3 т.
|f Российская академия наук (РАН), Сибирское отделение (СО), Государственная публичная научно-техническая библиотека (ГПНТБ)
|
| 210 |
|
|
|a Новосибирск
|c Изд-во ГПНТБ СО РАН
|d 2005
|
| 712 |
0 |
2 |
|a Российская академия наук (РАН)
|b Сибирское отделение (СО)
|b Государственная публичная научно-техническая библиотека (ГПНТБ)
|c (Новосибирск)
|2 stltpush
|3 (RuTPU)RU\TPU\col\25
|
| 801 |
|
1 |
|a RU
|b 63413507
|c 20081009
|g PSBO
|
| 942 |
|
|
|c BK
|